Catálogo - Centro de Recursos para el Aprendizaje y la Investigación
Volver al Sitio - CRAI Biblioteca| 000 -CABECERA | |
|---|---|
| campo de control de longitud fija | 01864cam a22003137i 4500 |
| 001 - NÚMERO DE CONTROL | |
| campo de control | 113658 |
| 003 - IDENTIFICADOR DEL NÚMERO DE CONTROL | |
| campo de control | DR-UNIBE |
| 005 - FECHA Y HORA DE LA ÚLTIMA TRANSACCIÓN | |
| campo de control | 20251113134404.0 |
| 008 - DATOS DE LONGITUD FIJA--INFORMACIÓN GENERAL | |
| campo de control de longitud fija | 210813t20202020moua b 001 0 eng |
| 016 7# - NÚMERO DE CONTROL DE UNA AGENCIA BIBLIOGRÁFICA NACIONAL | |
| Número de control del registro | 019673300 |
| Fuente | Uk |
| 020 ## - NÚMERO INTERNACIONAL ESTÁNDAR DEL LIBRO | |
| Número Internacional Estándar del Libro | 9780323638784 |
| Información calificativa | (hardcover) |
| 020 ## - NÚMERO INTERNACIONAL ESTÁNDAR DEL LIBRO | |
| Número Internacional Estándar del Libro | 0323638783 |
| Información calificativa | (hardcover) |
| 040 ## - FUENTE DE LA CATALOGACIÓN | |
| Centro catalogador/agencia de origen | CPX |
| Lengua de catalogación | eng |
| Centro/agencia transcriptor | CPX |
| Normas de descripción | rda |
| Centro/agencia modificador | CPX |
| -- | MDU |
| -- | HMS |
| -- | MHD |
| -- | OCLCO |
| -- | NEH |
| -- | OCLCF |
| -- | UKMGB |
| -- | YDXIT |
| -- | YDX |
| -- | OCLCA |
| -- | UBY |
| -- | OCLCQ |
| -- | LUN |
| -- | OCLCO |
| -- | DLC |
| 041 ## - CÓDIGO DE LENGUA | |
| Código de lengua del texto/banda sonora o título independiente | eng |
| 082 04 - NÚMERO DE LA CLASIFICACIÓN DECIMAL DEWEY | |
| Número de clasificación | 611.314 N424w |
| Número de edición | 23 |
| 100 1# - ENTRADA PRINCIPAL--NOMBRE DE PERSONA | |
| Nombre de persona | Nelson, Stanley J., |
| Término indicativo de función/relación | author. |
| 9 (RLIN) | 195794 |
| 245 10 - MENCIÓN DE TÍTULO | |
| Título | Wheeler's dental anatomy, physiology, and occlusion / |
| Mención de responsabilidad, etc. | Stanley J. Nelson |
| 246 3# - FORMA VARIANTE DE TÍTULO | |
| Título propio/Titulo breve | Dental anatomy, physiology, and occlusion |
| 250 ## - MENCIÓN DE EDICIÓN | |
| Mención de edición | Undécima edición |
| 260 ## - PUBLICACIÓN, DISTRIBUCIÓN, ETC. | |
| Lugar de publicación, distribución, etc. | Missouri : |
| Nombre del editor, distribuidor, etc. | Elsevier, |
| Fecha de publicación, distribución, etc. | 2020 |
| 300 ## - DESCRIPCIÓN FÍSICA | |
| Extensión | viii, 328 páginas : |
| Otras características físicas | ilustraciones |
| 504 ## - NOTA DE BIBLIOGRAFÍA, ETC. | |
| Nota de bibliografía, etc. | Incluye referencias bibliográficas e índice |
| 505 ## - NOTA DE CONTENIDO CON FORMATO | |
| Nota de contenido con formato | 1. Introduction to dental anatomy |<br/>2. Development and eruption of the teeth |<br/>3. The primary (deciduous) teeth |<br/>4. Forensics, comparative anatomy, geometries, and form and function |<br/>5. Orofacial complex : form and function |<br/>6. The permanent maxillary incisors |<br/>7. The permanent mandibular incisors |<br/>8. The permanent canines : maxillary and mandibular |<br/>9. The permanent maxillary premolars |<br/>10. The permanent mandibular premolars |<br/>11. The permanent maxillary molars |<br/>12. The permanent mandibular molars |<br/>13. Pulp chambers and canals |<br/>14. Dento-osseous structures, blood vessels, and nerves |<br/>15. The temporomandibular joints, muscles, teeth, and their functions |<br/>16. Occlusion |<br/>17. Clinical application of dental anatomy, physiology, and occlusion |<br/> |
| 650 #7 - PUNTO DE ACCESO ADICIONAL DE MATERIA--TÉRMINO DE MATERIA | |
| Término de materia o nombre geográfico como elemento de entrada | Dientes |
| Fuente del encabezamiento o término | lemb |
| 650 #7 - PUNTO DE ACCESO ADICIONAL DE MATERIA--TÉRMINO DE MATERIA | |
| Término de materia o nombre geográfico como elemento de entrada | Oclusión (Odontología) |
| Fuente del encabezamiento o término | lemb |
| 9 (RLIN) | 4 |
| 650 #7 - PUNTO DE ACCESO ADICIONAL DE MATERIA--TÉRMINO DE MATERIA | |
| Término de materia o nombre geográfico como elemento de entrada | Dientes |
| Subdivisión general | Anatomía |
| Fuente del encabezamiento o término | lemb |
| 9 (RLIN) | 200776 |
| 650 #7 - PUNTO DE ACCESO ADICIONAL DE MATERIA--TÉRMINO DE MATERIA | |
| Término de materia o nombre geográfico como elemento de entrada | Oclusión dental |
| Fuente del encabezamiento o término | lemb |
| 942 ## - ELEMENTOS DE PUNTO DE ACCESO ADICIONAL (KOHA) | |
| Fuente del sistema de clasificación o colocación | Sistema de Clasificación Decimal Dewey |
| Tipo de ítem Koha | Libro (reserva) |
| Estado de retiro | Estado de pérdida | Fuente del sistema de clasificación o colocación | No para préstamo | Código de colección | Localización permanente | Fecha de adquisición | Total de préstamos | Renovaciones totales | Signatura topográfica completa | Código de barras | Fecha visto por última vez | Fecha del último préstamo | Número de copia | Precio válido a partir de | Tipo de ítem Koha |
|---|---|---|---|---|---|---|---|---|---|---|---|---|---|---|---|
| Disponible | Sistema de Clasificación Decimal Dewey | Reserva | Biblioteca Central UNIBE | 21/05/2025 | 3 | 1 | 611.314 N424w | 250662 | 27/11/2025 | 13/11/2025 | Ej. 1 | 21/05/2025 | Libro (reserva) |